• 首页
  • 本馆介绍
  • 公告通知
  • 最新文献
  • 馆藏检索
  • 电子资源
  • 读者导购
  • 参考咨询
  • 我的图书馆
  • 登录
  • 详细信息显示
  • 放入我的书架
  • 预约/预借图书
  • 作者相关作品
  • 分类相关作品
  • 丛书相关作品
  • 出版社相关作品

书目信息

  • 表格格式
  • 工作单格式
  • 卡片格式
题名:
圣贤论诚信
    
 
作者: 王宗岐 , 王宇飞 编译
分册:  
出版信息: 北京   北京工业大学出版社  2003
页数: 233页
开本: 20cm
丛书名: 圣贤论
单 册:
中图分类: I262 , B825
科图分类:
主题词: 古典散文 , 古典散文--中国--选集 , 伦理学
电子资源:
ISBN: 7-5639-1337-8
000 00932oam2 2200301 450
001 0932095375
005 20090929085653.00
010    @a7-5639-1337-8@dCNY25.00
100    @a20031217d2003 em y0chiy50 ea
101 0  @achi
102    @aCN@b110000
105    @ay z 000cy
106    @ar
200 1  @a圣贤论诚信@f王宗岐,王宇飞编译@Asheng xian lun cheng xin
210    @a北京@c北京工业大学出版社@d2003
215    @a233页@d20cm
225 2  @a圣贤论
330    @a本书收入了孔子、韩非、商鞅、墨子、庄子、蒲松龄、老子、曾国藩等诸多圣贤们对诚信观念的文章,共计60余篇。
461  0 @1001002531788
606 0  @a古典散文
606 0  @a古典散文@y中国@j选集
606 0  @a伦理学
690    @aI262@v4
690    @aB825@v4
701  0 @a王宗岐@c(编辑)@4编译@Awang zong qi
701  0 @a王宇飞@c(编辑)@4编译@Awang yu fei
801  0 @aCN@b大连网信软件有限公司图书馆·11@c20090929
905    @a10447@dB825@eJY75
    
    圣贤论诚信/王宗岐,王宇飞编译.-北京:北京工业大学出版社,2003
    233页;20cm .-(圣贤论 )
    
    
    ISBN 7-5639-1337-8:CNY25.00
    本书收入了孔子、韩非、商鞅、墨子、庄子、蒲松龄、老子、曾国藩等诸多圣贤们对诚信观念的文章,共计60余篇。
●
相关链接 在E读中查询图书 在五车中查询图书 在当当中查询图书 在豆瓣中查询图书


正题名:圣贤论诚信     索取号:B825/JY75         预约/预借

序号 登录号 条形码 馆藏地/架位号 状态 备注
1 7820234   278202348   学院路分馆/ [索取号:B825/JY75] 在馆    
2 7820235   278202357   学院路分馆/ [索取号:B825/JY75] 在馆    
3 7820236   278202366   学院路分馆/ [索取号:B825/JY75] 在馆    
4 7820237   278202375   学院路分馆/ [索取号:B825/JY75] 在馆    
唐山师范学院图书馆 欢迎您!
大连网信软件有限公司© 版权所有